00624nam a22001817a 450000500170000001000240001702000260004103500170006703500130008403700180009708200080011524501350012325000310025826000400028927000670032930000280039670000180042420161104160921.0 a1516EN07 ENG-116445 a9789352034345c460.00 aB-609204-235 aEN-99977 adplbStar/Ven a000 aIAS mains general studies paper 1: cedited by Priya Goyalbindian heritage & culture history & geography of the world & society/ aFull revised & updated ed. aNew DelhibArihant Publicaionc2015 aRamchhaya 4577/15, Agarwal Road, Darya GanjbNew Delhie110002 a855p.:bill.c26cm(pbk) aGoyal, Priya